000 00379 a2200169 4500
001 183524
020 _a978-85-96-00432-9
040 _cMagnum
100 _aSaint-Exupery, Antoine de
240 1 0 _aO Pequeno Príncipe
_lpor
245 1 0 _aO Pequeno Príncipe
300 _a132
362 0 _a2016
440 1 _aFTD
697 _aLITERATURA JUVENIL ESTRANGEIRA
942 _cBK
999 _c183524
_d183524